000 00228nam a22000857a 4500
008 160912b xxu||||| |||| 00| 0 eng d
100 _9390
_aBanerjee.C
245 _aEnvironmental Education
260 _aNew Delhi
_bB.B Publications
_c2011
999 _c3048
_d3048